[Event "Paracin op 01"]
[Site "Paracin"]
[Date "2022.01.18"]
[Round "2"]
[White "Cvetanovic, Uros"]
[Black "Stefanov, Evtim"]
[Result "1-0"]
[WhiteElo "2248"]
[BlackElo "1924"]
[PlyCount "87"]
[EventDate "2022.01.17"]
[EventType "swiss"]
[EventRounds "9"]
[EventCountry "SRB"]
[SourceTitle "CBM 206 Extra"]
[Source "ChessBase"]
[SourceDate "2022.03.31"]
[SourceVersion "1"]
[SourceVersionDate "2022.03.31"]
[SourceQuality "1"]

1. Nc3 d5 2. e4 d4 3. Nce2 e5 4. Ng3 Be6 5. Bb5+ Nd7 6. Ba4 c5 7. Nf3 f6 8. d3 b5 9. Bb3 c4 10. dxc4 bxc4 11. Ba4 Qa5+ 12. c3 0-0-0 13. Bxd7+ Rxd7 14. Bd2 d3 15. Be3 g6 16. Nd2 h5 17. b3 Nh6 18. f3 h4 19. Ngf1 Nf7 20. Nxc4 Bxc4 21. bxc4 Bc5 22. Bxc5 Qxc5 23. Qd2 Nd6 24. Qe3 d2+ 25. Kf2 Qxe3+ 26. Nxe3 f5 27. c5 Nb5 28. Nd5 Rhd8 29. Rhd1 fxe4 30. fxe4 Kb7 31. Rxd2 Kc6 32. Ne7+ Kxc5 33. Rxd7 Rxd7 34. Nxg6 Rd2+ 35. Kf3 Nxc3 36. Nxe5 Rxa2 37. Rxa2 Nxa2 38. Ke3 Nb4 39. Nd3+ Nxd3 40. Kxd3 a5 41. Kc3 a4 42. g3 hxg3 43. hxg3 a3 44. g4 1-0

[Event "Hersonissos op 2nd"]
[Site "Hersonissos"]
[Date "2018.06.23"]
[Round "8"]
[White "Stefanov, Evtim"]
[Black "Fragiadakis, Emanouel"]
[Result "1-0"]
[WhiteElo "1959"]
[BlackElo "1813"]
[PlyCount "61"]
[EventDate "2018.06.17"]
[EventType "swiss"]
[EventRounds "9"]
[EventCountry "GRE"]
[SourceTitle "CBM 185 Extra"]
[Source "ChessBase"]
[SourceDate "2018.07.29"]
[SourceVersion "1"]
[SourceVersionDate "2018.07.29"]
[SourceQuality "1"]

1. e4 e5 2. Nf3 Nc6 3. Bc4 Bc5 4. 0-0 Nf6 5. d3 d6 6. Re1 0-0 7. Nbd2 Be6 8. c3 a6 9. a4 Rb8 10. a5 Ba7 11. b4 Qc8 12. Nf1 Ng4 13. Re2 Bxc4 14. dxc4 Qe6 15. Qd3 Ne7 16. h3 Nh6 17. g4 Kh8 18. Ng3 Nhg8 19. Kg2 f6 20. b5 g6 21. Rb1 Bc5 22. Nd4 exd4 23. cxd4 axb5 24. cxb5 f5 25. Bb2 Nf6 26. g5 fxe4 27. dxc5 Kg8 28. Bxf6 d5 29. Qd4 Nf5 30. Nxf5 Qxf5 31. Rb3 1-0

[Event "Hersonissos op 2nd"]
[Site "Hersonissos"]
[Date "2018.06.22"]
[Round "7"]
[White "Dagkonaki, Antonia"]
[Black "Stefanov, Evtim"]
[Result "0-1"]
[WhiteElo "1383"]
[BlackElo "1959"]
[PlyCount "70"]
[EventDate "2018.06.17"]
[EventType "swiss"]
[EventRounds "9"]
[EventCountry "GRE"]
[SourceTitle "CBM 185 Extra"]
[Source "ChessBase"]
[SourceDate "2018.07.29"]
[SourceVersion "1"]
[SourceVersionDate "2018.07.29"]
[SourceQuality "1"]

1. e4 c5 2. Nf3 e6 3. d4 cxd4 4. Nxd4 a6 5. Nc3 Qc7 6. Bd2 Nf6 7. g3 b5 8. Bd3 Bb7 9. Qe2 Bc5 10. Nb3 Be7 11. Rf1 Nc6 12. f4 d6 13. Nd1 Nd7 14. c4 b4 15. Rc1 a5 16. Be3 Rd8 17. c5 dxc5 18. Nxc5 Nxc5 19. Bxc5 Bxc5 20. Rxc5 Qd6 21. Rb5 Ba6 22. Rd5 exd5 23. exd5+ Ne7 24. Bxa6 0-0 25. Kf2 Nxd5 26. Re1 Nf6 27. Ne3 Qc5 28. Qc4 Qb6 29. Qb5 Qd4 30. Qxa5 Rfe8 31. Kf1 Qe4 32. Ng2 Qf3+ 33. Kg1 Rd2 34. Rxe8+ Nxe8 35. Bb7 Rd1+ 0-1

[Event "Hersonissos op 2nd"]
[Site "Hersonissos"]
[Date "2018.06.20"]
[Round "5"]
[White "Kouvidis, Ioannis"]
[Black "Stefanov, Evtim"]
[Result "1-0"]
[WhiteElo "1730"]
[BlackElo "1959"]
[PlyCount "61"]
[EventDate "2018.06.17"]
[EventType "swiss"]
[EventRounds "9"]
[EventCountry "GRE"]
[SourceTitle "CBM 185 Extra"]
[Source "ChessBase"]
[SourceDate "2018.07.29"]
[SourceVersion "1"]
[SourceVersionDate "2018.07.29"]
[SourceQuality "1"]

1. e4 e5 2. Nf3 d6 3. d4 exd4 4. Qxd4 Nf6 5. Nc3 Be7 6. Bg5 h6 7. Bh4 0-0 8. h3 Nc6 9. Qe3 Be6 10. 0-0-0 Nd7 11. Bxe7 Qxe7 12. g4 a6 13. g5 h5 14. Nh4 g6 15. f4 b5 16. Qd2 b4 17. Nd5 Qd8 18. f5 Bxd5 19. exd5 Nce5 20. Rg1 a5 21. Be2 Nc5 22. Bxh5 gxh5 23. Qe2 Ng4 24. hxg4 Qxg5+ 25. Kb1 Qxh4 26. Rh1 Qf6 27. g5 Qh8 28. Rxh5 Qe5 29. Qxe5 dxe5 30. Rdh1 f6 31. g6 1-0

[Event "Heraklion Gazi op 11th"]
[Site "Heraklion"]
[Date "2015.07.26"]
[Round "2"]
[White "Stefanov, Evtim"]
[Black "Tsilidis, Alexandros"]
[Result "1-0"]
[WhiteElo "1943"]
[BlackElo "2257"]
[PlyCount "93"]
[EventDate "2015.07.25"]
[EventType "swiss"]
[EventRounds "9"]
[EventCountry "GRE"]
[SourceTitle "CBM 167 Extra"]
[Source "ChessBase"]
[SourceDate "2015.09.14"]
[SourceVersion "1"]
[SourceVersionDate "2015.09.14"]
[SourceQuality "1"]

1. e4 c5 2. Nf3 e6 3. d4 cxd4 4. Nxd4 Nf6 5. Nc3 d6 6. Bc4 a6 7. Bb3 b5 8. Qf3 Bb7 9. 0-0 Nc6 10. Nxc6 Bxc6 11. Re1 Be7 12. a3 0-0 13. Qg3 Kh8 14. Bd2 Qb6 15. Nd5 Bxd5 16. exd5 e5 17. Kh1 Nd7 18. f4 f5 19. fxe5 Nxe5 20. Re2 Bf6 21. Rf1 g6 22. Be3 Qc7 23. Bd4 Bg7 24. c3 Rf7 25. Bxe5 Bxe5 26. Rxe5 dxe5 27. d6 Qd7 28. Bxf7 Qxf7 29. Qxe5+ Kg8 30. Re1 Rd8 31. h3 h6 32. Qd4 Rd7 33. Qc5 Qf6 34. Qc8+ Rd8 35. Re8+ Rxe8 36. Qxe8+ Kg7 37. d7 Qg5 38. d8Q Qc1+ 39. Kh2 Qf4+ 40. Kg1 Qc1+ 41. Kf2 Qf4+ 42. Ke2 Qc4+ 43. Qd3 Qxd3+ 44. Kxd3 Kf6 45. a4 bxa4 46. c4 f4 47. c5 1-0

[Event "Paleochora op 8th"]
[Site "Paleochora"]
[Date "2015.07.18"]
[Round "2"]
[White "Chalmeta Ugas, Ramon"]
[Black "Stefanov, Evtim"]
[Result "1-0"]
[WhiteElo "2294"]
[BlackElo "1943"]
[PlyCount "107"]
[EventDate "2015.07.17"]
[EventType "swiss"]
[EventRounds "9"]
[EventCountry "GRE"]
[SourceTitle "CBM 167 Extra"]
[Source "ChessBase"]
[SourceDate "2015.09.14"]
[SourceVersion "1"]
[SourceVersionDate "2015.09.14"]
[SourceQuality "1"]

1. e4 e5 2. Nf3 d6 3. d4 exd4 4. Nxd4 Nf6 5. Nc3 Be7 6. Bd3 0-0 7. 0-0 Re8 8. h3 Bf8 9. Bg5 Nbd7 10. Kh1 c6 11. f4 Qb6 12. Nb3 Qc7 13. a4 b6 14. Qf3 Bb7 15. Rae1 c5 16. Nd2 h6 17. Bh4 a6 18. Bc4 Bc6 19. Qd3 Qb7 20. Kh2 Nh7 21. Nf3 Ndf6 22. e5 d5 23. Ba2 c4 24. Qd2 Nd7 25. Nd4 Bb4 26. Nxc6 Qxc6 27. Rd1 Bxc3 28. Qxc3 b5 29. Qd4 Nc5 30. axb5 axb5 31. Bb1 g5 32. fxg5 hxg5 33. Qxd5 Qxd5 34. Rxd5 Ne6 35. Bg3 b4 36. c3 bxc3 37. bxc3 Nhf8 38. Rf3 Ra3 39. Bf5 Rb8 40. Bxe6 Nxe6 41. Rd7 Rbb3 42. Be1 Rb2 43. Rd2 Rb1 44. Bf2 Rc1 45. Bd4 Nxd4 46. Rxd4 Raxc3 47. Rf5 Rd3 48. Rxg5+ Kf8 49. Rf4 Rd5 50. Rgf5 Ke8 51. Rxf7 Rxe5 52. Rc7 Re3 53. Rfxc4 Rce1 54. Ra4 1-0

[Event "Paleochora op 7th"]
[Site "Paleochora"]
[Date "2014.07.25"]
[Round "6"]
[White "Stefanov, Evtim"]
[Black "Tchantcev, Chaliko"]
[Result "0-1"]
[WhiteElo "2007"]
[BlackElo "2216"]
[PlyCount "48"]
[EventDate "2014.07.21"]
[EventType "swiss"]
[EventRounds "9"]
[EventCountry "GRE"]
[SourceTitle "CBM 161 Extra"]
[Source "ChessBase"]
[SourceDate "2014.08.29"]
[SourceVersion "1"]
[SourceVersionDate "2014.08.29"]
[SourceQuality "1"]

1. e4 d6 2. d4 g6 3. Nc3 Bg7 4. Be3 c6 5. Bd3 Nd7 6. f4 Qb6 7. Na4 Qa5+ 8. c3 b5 9. e5 bxa4 10. Nf3 Nh6 11. 0-0 0-0 12. h3 Ba6 13. c4 f5 14. Ng5 Rfb8 15. Rf2 c5 16. e6 Nf8 17. Bf1 Bxd4 18. Bxd4 cxd4 19. Qxd4 Qc5 20. Qc3 Rb4 21. b3 Rab8 22. Rb1 axb3 23. axb3 Bc8 24. Qe1 Rxb3 0-1

[Event "Golden Sands Europe op 3rd"]
[Site "Golden Sands"]
[Date "2014.06.10"]
[Round "1"]
[White "Stefanov, Evtim"]
[Black "Gkoumas, Georgios"]
[Result "1/2-1/2"]
[WhiteElo "1986"]
[BlackElo "2391"]
[PlyCount "93"]
[EventDate "2014.06.10"]
[EventType "swiss"]
[EventRounds "9"]
[EventCountry "BUL"]
[SourceTitle "CBM 160 Extra"]
[Source "ChessBase"]
[SourceDate "2014.07.01"]
[SourceVersion "1"]
[SourceVersionDate "2014.07.01"]
[SourceQuality "1"]

1. e4 c5 2. Nc3 Nc6 3. g3 g6 4. Bg2 Bg7 5. d3 d6 6. Be3 e5 7. Nh3 Nge7 8. 0-0 0-0 9. Qd2 Nd4 10. f4 exf4 11. Nxf4 Rb8 12. Ncd5 Nxd5 13. Nxd5 Be6 14. Nf4 Bd7 15. c3 Nc6 16. Nd5 Ne5 17. Bh6 f6 18. Bxg7 Kxg7 19. Rf2 Be6 20. Nf4 Qe7 21. Raf1 Rbe8 22. d4 Nc4 23. Qe2 Nb6 24. b3 Qc7 25. e5 dxe5 26. dxe5 f5 27. g4 Nd7 28. gxf5 Bxf5 29. e6 Nf6 30. Nd5 Nxd5 31. Bxd5 Rf6 32. Re1 Re7 33. Qe5 Qxe5 34. Rxe5 Bh3 35. Bxb7 Rxf2 36. Kxf2 Kf6 37. Re3 Bxe6 38. Rf3+ Ke5 39. Re3+ Kd6 40. Bf3 a5 41. Kg3 Rf7 42. Be2 Rf6 43. Rd3+ Kc7 44. Rf3 Rxf3+ 45. Kxf3 g5 46. Ke4 Kd6 47. Bd1 1/2-1/2

[Event "Benidorm op U2000 12th"]
[Site "Benidorm"]
[Date "2013.12.02"]
[Round "5"]
[White "Thomson, Neil"]
[Black "Stefanov, Evtim"]
[Result "1/2-1/2"]
[WhiteElo "1900"]
[BlackElo "1998"]
[PlyCount "127"]
[EventDate "2013.11.29"]
[EventType "swiss"]
[EventRounds "10"]
[EventCountry "ESP"]
[SourceTitle "CBM 157 Extra"]
[Source "ChessBase"]
[SourceDate "2013.12.19"]
[SourceVersion "1"]
[SourceVersionDate "2013.12.19"]
[SourceQuality "1"]

1. e4 c5 2. Nf3 e6 3. d4 cxd4 4. Nxd4 a6 5. Nc3 Qc7 6. Bd3 Nf6 7. f4 d6 8. 0-0 Be7 9. Kh1 b5 10. Bd2 Bb7 11. Qe2 Nbd7 12. a4 bxa4 13. Rxa4 Nc5 14. Raa1 0-0 15. b4 Nxd3 16. cxd3 Rfd8 17. Nb3 Ne8 18. Rfc1 Qd7 19. Na4 Rac8 20. Bc3 Rb8 21. Qe3 Nf6 22. h3 h6 23. Rc2 Qe8 24. Na5 Ba8 25. Nb3 e5 26. fxe5 dxe5 27. Nac5 Bxc5 28. Nxc5 Bb7 29. Nxa6 Bxa6 30. Rxa6 Qb5 31. Ra5 Qxd3 32. Qxd3 Rxd3 33. Rxe5 Rc8 34. Rc5 Rxc5 35. bxc5 Nxe4 36. Be5 Rd5 37. c6 Rxe5 38. c7 Nd6 39. c8Q+ Nxc8 40. Rxc8+ Kh7 41. Kh2 Re3 42. Rc6 g6 43. Ra6 Kg7 44. h4 g5 45. hxg5 hxg5 46. g4 f6 47. Kg2 Kf7 48. Kf2 Rd3 49. Rb6 Ke7 50. Ra6 Rd6 51. Ra3 f5 52. gxf5 Kf6 53. Ra5 Rd4 54. Kg3 Rf4 55. Rb5 Kg7 56. Ra5 Kh6 57. Ra6+ Kh5 58. f6 Rf5 59. Rb6 g4 60. Rb3 Kg5 61. f7 Rxf7 62. Rb5+ Rf5 63. Rxf5+ Kxf5 64. Kg2 1/2-1/2

[Event "BUL-chT GpA 63rd"]
[Site "Sunny Beach"]
[Date "2013.09.23"]
[Round "5.5"]
[White "Stefanov, Evtim"]
[Black "Mladenov, Plamen"]
[Result "0-1"]
[WhiteElo "2007"]
[BlackElo "2390"]
[PlyCount "82"]
[EventDate "2013.09.19"]
[EventType "team-tourn"]
[EventRounds "7"]
[EventCountry "BUL"]
[SourceTitle "CBM 156 Extra"]
[Source "ChessBase"]
[SourceDate "2013.10.22"]
[SourceVersion "1"]
[SourceVersionDate "2013.10.22"]
[SourceQuality "1"]
[WhiteTeam "Vidin Nayden Voynov"]
[BlackTeam "Dupnitsa Marek Union"]
[WhiteTeamCountry "BUL"]
[BlackTeamCountry "BUL"]

1. e4 Nf6 2. e5 Nd5 3. d4 d6 4. c4 Nb6 5. exd6 exd6 6. Nc3 Be7 7. Nf3 Bg4 8. b3 a5 9. Be2 0-0 10. 0-0 a4 11. Be3 N8d7 12. h3 Bh5 13. Qc2 f5 14. Rac1 axb3 15. axb3 Bg6 16. Bd3 Kh8 17. Ne2 Qe8 18. Nf4 Qf7 19. Nxg6+ hxg6 20. Bg5 Bf6 21. Qd2 Rfe8 22. Rfe1 Nf8 23. g4 Nh7 24. Qf4 fxg4 25. hxg4 Kg8 26. Bxf6 gxf6 27. Kg2 Nf8 28. Rh1 Qg7 29. Rh6 Ne6 30. Qh2 Nf8 31. Rh1 Re7 32. Rh8+ Kf7 33. Qf4 Ne6 34. Bxg6+ Qxg6 35. R1h7+ Ng7 36. Rh6 Re4 37. Rxg6 Rxf4 38. Rxa8 Nxa8 39. Rh6 Rxg4+ 40. Kh3 Rg6 41. Rh8 Ne8 0-1

[Event "BUL-chT GpA 63rd"]
[Site "Sunny Beach"]
[Date "2013.09.19"]
[Round "1.6"]
[White "Kirjakov, Toma"]
[Black "Stefanov, Evtim"]
[Result "1-0"]
[WhiteElo "2223"]
[BlackElo "2007"]
[PlyCount "61"]
[EventDate "2013.09.19"]
[EventType "team-tourn"]
[EventRounds "7"]
[EventCountry "BUL"]
[SourceTitle "CBM 156 Extra"]
[Source "ChessBase"]
[SourceDate "2013.10.22"]
[SourceVersion "1"]
[SourceVersionDate "2013.10.22"]
[SourceQuality "1"]
[WhiteTeam "Dobrich Energiya 21"]
[BlackTeam "Vidin Nayden Voynov"]
[WhiteTeamCountry "BUL"]
[BlackTeamCountry "BUL"]

1. c4 e5 2. e3 Nc6 3. a3 a5 4. b3 g6 5. Bb2 Bg7 6. Nf3 d6 7. d4 exd4 8. Nxd4 Nxd4 9. Bxd4 Bxd4 10. Qxd4 Qf6 11. Ra2 Qe5 12. Nc3 Ne7 13. Bd3 Qxd4 14. exd4 Bf5 15. Kd2 Kd7 16. Re1 Bxd3 17. Kxd3 Rhe8 18. Rae2 Ng8 19. Nd5 Re6 20. Rxe6 fxe6 21. Rxe6 Rf8 22. Re2 c6 23. Nc3 Nf6 24. f4 b6 25. g3 h5 26. d5 h4 27. dxc6+ Kxc6 28. Re7 Nd7 29. Nb5 Nc5+ 30. Kc3 Na6 31. Nd4+ 1-0

[Event "Albena Masters op"]
[Site "Albena"]
[Date "2013.06.07"]
[Round "7"]
[White "Banov, Boil"]
[Black "Stefanov, Evtim"]
[Result "1/2-1/2"]
[WhiteElo "2165"]
[BlackElo "1979"]
[PlyCount "120"]
[EventDate "2013.06.01"]
[EventType "swiss"]
[EventRounds "9"]
[EventCountry "BUL"]
[SourceTitle "CBM 154 Extra"]
[Source "ChessBase"]
[SourceDate "2013.06.25"]
[SourceVersion "2"]
[SourceVersionDate "2013.06.25"]
[SourceQuality "1"]

1. c4 e5 2. Nc3 Nc6 3. d3 d6 4. g3 g6 5. Bg2 Bg7 6. Nf3 h6 7. Bd2 Be6 8. Rb1 Qd7 9. b4 Bh3 10. Bxh3 Qxh3 11. Nd5 Qd7 12. b5 Nce7 13. e4 f5 14. Nh4 Nxd5 15. cxd5 Qf7 16. Qa4 b6 17. Qc4 Rd8 18. Qc6+ Rd7 19. Qa8+ Ke7 20. Qxa7 Bf6 21. Ng2 g5 22. Rc1 Kf8 23. Qa4 f4 24. Qd1 h5 25. h3 Ne7 26. a4 Ng6 27. a5 bxa5 28. Bxa5 Bd8 29. Rc6 Ne7 30. Ra6 Nxd5 31. exd5 Qxd5 32. 0-0 Qxb5 33. Ra8 Qb7 34. Qa4 Rhh7 35. Bc3 Rhf7 36. Ra7 Qb8 37. g4 hxg4 38. hxg4 Qb6 39. Ra1 Rh7 40. Ra6 Qc5 41. Qc6 Qxc6 42. Rxc6 f3 43. Ne1 Rh3 44. Ra8 Ke8 45. Ba5 Rdh7 46. Nxf3 Rxf3 47. Rxc7 Rxc7 48. Bxc7 Kd7 49. Bxd8 Rf8 50. Ra7+ Kxd8 51. Rg7 Rf3 52. Rxg5 Rxd3 53. Rg7 Ke8 54. Kg2 e4 55. Rh7 Kf8 56. Ra7 Rf3 57. Rd7 Rd3 58. Kf1 Ke8 59. Rg7 Kf8 60. Rb7 Kg8 1/2-1/2

[Event "Albena Masters op"]
[Site "Albena"]
[Date "2013.06.03"]
[Round "3"]
[White "Dambrauskas, Virginijus A"]
[Black "Stefanov, Evtim"]
[Result "1-0"]
[WhiteElo "2285"]
[BlackElo "1979"]
[PlyCount "77"]
[EventDate "2013.06.01"]
[EventType "swiss"]
[EventRounds "9"]
[EventCountry "BUL"]
[SourceTitle "CBM 154 Extra"]
[Source "ChessBase"]
[SourceDate "2013.06.25"]
[SourceVersion "2"]
[SourceVersionDate "2013.06.25"]
[SourceQuality "1"]

1. d4 d5 2. c4 dxc4 3. Qa4+ Nd7 4. Nf3 a6 5. Qxc4 Ngf6 6. Bf4 c6 7. h3 e6 8. Nbd2 c5 9. e3 b5 10. Qb3 c4 11. Qc2 Nd5 12. Bg3 Bb7 13. Be2 N7f6 14. 0-0 Be7 15. a3 Rc8 16. Nb1 c3 17. Nxc3 Nxc3 18. bxc3 Ne4 19. Ne5 f6 20. Bh5+ Kf8 21. Bf3 Rxc3 22. Qb2 Rc8 23. Nd3 Kf7 24. Bh2 Qb6 25. Nf4 g5 26. Ne2 h5 27. Rfc1 Rxc1+ 28. Rxc1 Bd6 29. Bxd6 Qxd6 30. Qc2 Rc8 31. Bxh5+ Kg7 32. Qb2 Rh8 33. Bf3 g4 34. Bxg4 Bd5 35. Nf4 Bc4 36. Rxc4 f5 37. d5+ Kh7 38. Nxe6 Qxd5 39. Qg7# 1-0

[Event "Veliko Tarnovo op"]
[Site "Veliko Tarnovo"]
[Date "2013.05.02"]
[Round "2"]
[White "Katov, Luboslav"]
[Black "Stefanov, Evtim"]
[Result "1-0"]
[WhiteElo "2281"]
[BlackElo "2004"]
[PlyCount "57"]
[EventDate "2013.05.01"]
[EventType "swiss"]
[EventRounds "9"]
[EventCountry "BUL"]
[SourceTitle "CBM 154 Extra"]
[Source "ChessBase"]
[SourceDate "2013.06.25"]
[SourceVersion "2"]
[SourceVersionDate "2013.06.25"]
[SourceQuality "1"]

1. Nf3 d5 2. g3 g6 3. c4 c6 4. Bg2 Bg7 5. 0-0 e5 6. Qa4 Nd7 7. cxd5 Nb6 8. Qh4 Qxh4 9. Nxh4 cxd5 10. Nc3 Ne7 11. d3 0-0 12. Bg5 f6 13. Bd2 Bd7 14. a4 Bc6 15. Rfc1 Rac8 16. b4 d4 17. Nb5 Bxb5 18. axb5 Rxc1+ 19. Bxc1 Rc8 20. Bxb7 Rc7 21. Bf3 Nbd5 22. Bd2 Nc3 23. e3 Nxb5 24. Ra5 Nc3 25. exd4 g5 26. d5 Ncxd5 27. Bxd5+ Nxd5 28. Nf5 Rd7 29. Rxd5 1-0

[Event "Plovdiv Tringov Memorial 35th"]
[Site "Plovdiv"]
[Date "2013.02.07"]
[Round "6"]
[White "Stefanov, Evtim"]
[Black "Filev, Georgi"]
[Result "0-1"]
[WhiteElo "1985"]
[BlackElo "2352"]
[PlyCount "88"]
[EventDate "2013.02.03"]
[EventType "swiss"]
[EventRounds "9"]
[EventCountry "BUL"]
[SourceTitle "CBM 152 Extra"]
[Source "ChessBase"]
[SourceDate "2013.02.25"]
[SourceVersion "1"]
[SourceVersionDate "2013.02.25"]
[SourceQuality "1"]

1. e4 c5 2. Nf3 e6 3. d4 cxd4 4. Nxd4 a6 5. Nc3 Qc7 6. Bd3 Nf6 7. 0-0 Bc5 8. Nb3 Be7 9. f4 d6 10. e5 dxe5 11. fxe5 Nfd7 12. Kh1 Nxe5 13. Bf4 Nbc6 14. Qh5 g6 15. Qh3 Bd7 16. Qg3 f6 17. Be4 0-0-0 18. Rae1 Bd6 19. Bxc6 Bxc6 20. Ne4 Bxe4 21. Rxe4 g5 22. Bxe5 Bxe5 23. Qf2 Kb8 24. Nc5 Rc8 25. b4 Qc6 26. Qe3 Rhd8 27. a4 Ka8 28. Nd3 Qxc2 29. Nxe5 fxe5 30. Rxe5 Rd1 31. Qg1 Rxf1 32. Qxf1 Qxa4 33. b5 Qc4 34. Qg1 Qc1 35. Re1 Qc5 36. bxa6 Qxg1+ 37. Kxg1 b5 38. Rxe6 b4 39. Re2 b3 40. h4 Rc2 41. Re8+ Ka7 42. Re4 b2 43. Rb4 Rc1+ 44. Kh2 b1Q 0-1

[Event "Benidorm op U2000 11th"]
[Site "Benidorm"]
[Date "2012.12.08"]
[Round "10"]
[White "Young, Melvyn Jack"]
[Black "Stefanov, Evtim"]
[Result "1/2-1/2"]
[WhiteElo "1863"]
[BlackElo "1963"]
[PlyCount "48"]
[EventDate "2012.11.30"]
[EventType "swiss"]
[EventRounds "10"]
[EventCountry "ESP"]
[SourceTitle "EXT 2014"]
[Source "ChessBase"]
[SourceDate "2013.11.20"]
[SourceVersion "1"]
[SourceVersionDate "2013.11.20"]
[SourceQuality "1"]

1. e4 c5 2. d4 cxd4 3. c3 dxc3 4. Nxc3 e6 5. Nf3 Bc5 6. Bc4 a6 7. 0-0 Ne7 8. Bf4 b5 9. Bb3 0-0 10. Rc1 Ng6 11. Bg3 Be7 12. Qe2 Nc6 13. Rfd1 Qb6 14. h4 f6 15. Nd5 exd5 16. exd5 Nd8 17. d6+ Ne6 18. dxe7 Nxe7 19. Bc7 Qa7 20. Nd4 Kh8 21. Nxe6 dxe6 22. Bxe6 Ng6 23. Bxc8 Raxc8 24. Bd6 Rfe8 1/2-1/2

[Event "Benidorm op U2000 11th"]
[Site "Benidorm"]
[Date "2012.12.07"]
[Round "9"]
[White "Stefanov, Evtim"]
[Black "Arroyo Rodriguez, Jesus"]
[Result "0-1"]
[WhiteElo "1963"]
[BlackElo "1985"]
[PlyCount "110"]
[EventDate "2012.11.30"]
[EventType "swiss"]
[EventRounds "10"]
[EventCountry "ESP"]
[SourceTitle "EXT 2014"]
[Source "ChessBase"]
[SourceDate "2013.11.20"]
[SourceVersion "1"]
[SourceVersionDate "2013.11.20"]
[SourceQuality "1"]

1. e4 c5 2. Nc3 Nc6 3. g3 Nf6 4. Bg2 d6 5. d3 e5 6. f4 Bg4 7. Nf3 Be7 8. h3 Bxf3 9. Qxf3 0-0 10. f5 Nd4 11. Qf2 b5 12. 0-0 a5 13. Nd1 b4 14. c3 Nc6 15. Ne3 a4 16. h4 a3 17. g4 axb2 18. Bxb2 Qa5 19. c4 Ra7 20. g5 Ne8 21. Nd5 Bd8 22. Qf3 Nc7 23. Ne3 Nd4 24. Qh5 Ne8 25. Rf2 Qa6 26. Nd5 Qb7 27. g6 h6 28. Raf1 Nf6 29. Nxf6+ Bxf6 30. Bc1 Rfa8 31. Bxh6 Rxa2 32. Bg5 Rxf2 33. Rxf2 b3 34. Bxf6 gxf6 35. Qh7+ Kf8 36. g7+ Ke7 37. Rb2 Qa7 38. Rf2 b2 39. Rxb2 Qa1+ 40. Kh2 Qxb2 41. g8Q Rxg8 42. Qxg8 Qe2 43. Qg3 Qh5 44. Kh3 Ne2 45. Qe3 Nf4+ 46. Kg3 Qxh4+ 47. Kf3 Qh5+ 48. Kf2 Qg4 49. Qf3 Qh4+ 50. Kf1 Qg5 51. Kf2 Nxg2 52. Qxg2 Qd2+ 53. Kg3 Qxd3+ 54. Kh4 Qxc4 55. Kh5 Qc1 0-1

[Event "Benidorm op U2000 11th"]
[Site "Benidorm"]
[Date "2012.12.04"]
[Round "5"]
[White "Stefanov, Evtim"]
[Black "Esquerdo Nogueroles, Gaspar"]
[Result "0-1"]
[WhiteElo "1963"]
[BlackElo "1927"]
[PlyCount "72"]
[EventDate "2012.11.30"]
[EventType "swiss"]
[EventRounds "10"]
[EventCountry "ESP"]
[SourceTitle "EXT 2014"]
[Source "ChessBase"]
[SourceDate "2013.11.20"]
[SourceVersion "1"]
[SourceVersionDate "2013.11.20"]
[SourceQuality "1"]

1. e4 c5 2. Nc3 d6 3. g3 Nc6 4. Bg2 Nf6 5. d3 e6 6. f4 Be7 7. Nf3 a6 8. 0-0 0-0 9. h3 Qc7 10. g4 b5 11. Ne2 d5 12. Ng3 dxe4 13. dxe4 Bb7 14. g5 Rfd8 15. Qe1 Nd7 16. c3 c4 17. Be3 Nc5 18. Bxc5 Bxc5+ 19. Kh1 Qxf4 20. Nh5 Qc7 21. Qh4 Bf8 22. Nh2 Ne5 23. Ng4 Nxg4 24. Qxg4 Rd2 25. Rf3 Qe5 26. Rf4 Rad8 27. Raf1 Rxb2 28. Rxf7 Rxg2 29. Qxg2 Bxe4 30. R7f3 Bxf3 31. Qxf3 Bd6 32. Qf7+ Kh8 33. Rf2 Qd5+ 34. Kg1 Qxg5+ 35. Kf1 Bc5 36. Rd2 Rf8 0-1

[Event "Alcudia Belleuve"]
[Site "Alcudia"]
[Date "2012.10.21"]
[Round "9.3"]
[White "Stefanov, Evtim"]
[Black "Botelho, Luis Miguel Rodrigu"]
[Result "0-1"]
[WhiteElo "1963"]
[BlackElo "1972"]
[PlyCount "96"]
[EventDate "2012.10.14"]
[EventType "swiss"]
[EventRounds "9"]
[EventCountry "ESP"]
[SourceTitle "EXT 2024"]
[Source "ChessBase"]
[SourceDate "2023.10.10"]
[SourceVersion "1"]
[SourceVersionDate "2023.10.10"]
[SourceQuality "1"]

1. e4 c5 2. Nc3 g6 3. g3 Bg7 4. Bg2 Nc6 5. d3 d6 6. f4 e5 7. Nh3 Nge7 8. 0-0 Nd4 9. g4 h5 10. f5 hxg4 11. Qxg4 f6 12. Nd5 g5 13. Nxg5 Nxd5 14. Ne6 Nxe6 15. fxe6 Bxe6 16. Qxe6+ Ne7 17. Bh3 Qc8 18. Rf3 Qxe6 19. Bxe6 Nc6 20. c3 Ke7 21. Bd5 Rh7 22. h3 Rah8 23. Kh2 Nd8 24. Be3 Bh6 25. Bxh6 Rxh6 26. Rg1 Ne6 27. Bxe6 Kxe6 28. Rg7 R8h7 29. Rxh7 Rxh7 30. Rg3 d5 31. Rg2 Rf7 32. Kg3 c4 33. exd5+ Kxd5 34. d4 exd4 35. cxd4 Kxd4 36. Kf4 Rh7 37. Rd2+ Kc5 38. Kg3 b5 39. Rf2 Rg7+ 40. Kf4 b4 41. Ke4 Re7+ 42. Kf5 c3 43. Kxf6 Re3 44. h4 Rd3 45. bxc3 bxc3 46. Ke5 Rd2 47. Rf3 Re2+ 48. Kf5 Kd4 0-1

[Event "Alcudia Belleuve"]
[Site "Alcudia"]
[Date "2012.10.17"]
[Round "4.1"]
[White "Garcia Sanz, Eduardo"]
[Black "Stefanov, Evtim"]
[Result "0-1"]
[WhiteElo "1999"]
[BlackElo "1963"]
[PlyCount "46"]
[EventDate "2012.10.14"]
[EventType "swiss"]
[EventRounds "9"]
[EventCountry "ESP"]
[SourceTitle "EXT 2024"]
[Source "ChessBase"]
[SourceDate "2023.10.10"]
[SourceVersion "1"]
[SourceVersionDate "2023.10.10"]
[SourceQuality "1"]

1. e4 c5 2. Nf3 e6 3. d4 cxd4 4. Nxd4 a6 5. g3 d6 6. Bg2 Bd7 7. c4 Nc6 8. Be3 Rc8 9. 0-0 Nf6 10. b3 Be7 11. h3 0-0 12. Nc3 Qa5 13. Qd2 Kh8 14. f4 d5 15. Nxc6 Bxc6 16. cxd5 Bb4 17. Rac1 Bb5 18. Bd4 Bxf1 19. Kxf1 exd5 20. exd5 Kg8 21. d6 Rcd8 22. Qf2 Rxd6 23. Kg1 Rxd4 0-1